[Event "Araraquara op 2nd"]
[Site "Araraquara"]
[Date "2024.02.13"]
[Round "7"]
[White "Da Silva, Lucas Pereira Mende"]
[Black "Dos Santos Dutra, Fernando Junior Fre"]
[Result "1/2-1/2"]
[WhiteElo "2029"]
[BlackElo "2256"]
[PlyCount "61"]
[EventDate "2024.02.10"]
[EventType "swiss"]
[EventRounds "7"]
[EventCountry "BRA"]
[SourceTitle "CB09_2024"]
[SourceDate "2024.02.28"]
[SourceVersion "1"]
[SourceVersionDate "2024.02.28"]
[SourceQuality "1"]

1. e4 c5 2. Nf3 d6 3. d4 cxd4 4. Nxd4 Nf6 5. Nc3 a6 6. Rb1 e6 7. g4 Nfd7 8. a4 g5 9. h4 h6 10. Be3 Ne5 11. Be2 Nbd7 12. Qd2 Be7 13. Nf3 Nxf3+ 14. Bxf3 Ne5 15. Be2 Bd7 16. Bd4 b5 17. a5 Qc7 18. Nd1 Rc8 19. Rc1 Qb7 20. f3 Rg8 21. h5 Rf8 22. Ne3 Rg8 23. c4 bxc4 24. Nxc4 Rxc4 25. Rxc4 Nxc4 26. Bxc4 e5 27. Bb6 Be6 28. Qd3 Qc6 29. Bxa6 Qc1+ 30. Kf2 Qxb2+ 31. Qe2 1/2-1/2

[Event "Florianopolis op 10th"]
[Site "Florianopolis"]
[Date "2024.01.20"]
[Round "1"]
[White "Gurski, Guilherme Rybu"]
[Black "Da Silva, Lucas Pereira Mende"]
[Result "0-1"]
[WhiteElo "1354"]
[BlackElo "1974"]
[PlyCount "82"]
[EventDate "2024.01.20"]
[EventType "swiss"]
[EventRounds "10"]
[EventCountry "BRA"]
[SourceTitle "CB05_2024"]
[SourceDate "2024.01.31"]
[SourceVersion "1"]
[SourceVersionDate "2024.01.31"]
[SourceQuality "1"]

1. c4 Nf6 2. Nf3 e6 3. Nc3 d5 4. cxd5 exd5 5. d4 Be7 6. g3 0-0 7. Bg2 Re8 8. 0-0 c6 9. Bf4 Bf5 10. Rc1 Nbd7 11. a3 Qb6 12. b4 a5 13. Qb3 axb4 14. axb4 Qxb4 15. Qxb4 Bxb4 16. Nh4 Be6 17. Rc2 h6 18. Nf3 Bf5 19. Rcc1 Ba3 20. Ra1 Bb2 21. Rxa8 Rxa8 22. Nd1 Ba1 23. Ne3 Be4 24. Rd1 b5 25. Ne1 Bxg2 26. Kxg2 Nb6 27. N1c2 Bc3 28. Rd3 Ba5 29. Bc7 Rc8 30. Bxb6 Bxb6 31. Rc3 Kf8 32. Nd1 Ne4 33. Rd3 Bd8 34. Nc3 Nxc3 35. Rxc3 Be7 36. e3 Ke8 37. Kf1 Kd7 38. Ke2 Ra8 39. Kd3 Ra2 40. f3 Rb2 41. Ke2 b4 0-1

[Event "BRA-ch U26"]
[Site "Joinville"]
[Date "2023.10.10"]
[Round "2"]
[White "Arantes, Carlos Eduardo Gonc"]
[Black "Da Silva, Lucas Pereira Mende"]
[Result "0-1"]
[WhiteElo "1730"]
[BlackElo "1974"]
[PlyCount "118"]
[EventDate "2023.10.09"]
[EventType "swiss"]
[EventRounds "6"]
[EventCountry "BRA"]
[SourceTitle "Mega2024 Update 01"]
[Source "Chessbase"]
[SourceDate "2023.11.12"]
[SourceVersion "1"]
[SourceVersionDate "2023.11.12"]
[SourceQuality "1"]

1. e4 c5 2. c3 Nf6 3. e5 Nd5 4. Nf3 d6 5. d4 cxd4 6. cxd4 dxe5 7. Nxe5 Nc6 8. Bc4 e6 9. Nxc6 bxc6 10. 0-0 Bd6 11. Nd2 0-0 12. Nf3 Rb8 13. Qc2 h6 14. Re1 Qc7 15. a3 Nf6 16. h3 Bb7 17. Be3 Nd5 18. Bd2 c5 19. dxc5 Bxc5 20. b4 Bb6 21. Ne5 Rbc8 22. Rac1 Qe7 23. Nf3 Qc7 24. Ne5 Qe7 25. Nf3 Qf6 26. Qe4 Ba8 27. Bd3 g6 28. Bxh6 Qb2 29. Qe5 Bxf2+ 30. Kf1 Qxe5 31. Rxe5 Rxc1+ 32. Bxc1 Bb6 33. Bd2 Rd8 34. Ke2 Bc7 35. Re4 Nb6 36. Rd4 Nd5 37. Rc4 Bd6 38. Rc1 Nf4+ 39. Bxf4 Bxf4 40. Rc4 e5 41. Be4 Bxe4 42. Rxe4 f5 43. Rc4 Rd7 44. g4 e4 45. Nh4 Rd2+ 46. Kf1 Bg3 47. Nxg6 e3 48. Rc8+ Kf7 49. Rf8+ Kxg6 50. gxf5+ Kg7 51. Re8 Rf2+ 52. Ke1 Rxf5+ 53. Ke2 Bf4 54. Re7+ Rf7 55. Re4 Bh6 56. a4 Rf2+ 57. Ke1 Rb2 58. b5 Kf6 59. h4 Ra2 0-1

[Event "Sao Carlos Paulista-ch op"]
[Site "Sao Carlos"]
[Date "2023.09.09"]
[Round "5"]
[White "Da Silva, Lucas Pereira Mende"]
[Black "Frois, Vitor Amorim"]
[Result "1-0"]
[WhiteElo "1974"]
[BlackElo "2169"]
[PlyCount "43"]
[EventDate "2023.09.07"]
[EventType "swiss"]
[EventRounds "7"]
[EventCountry "BRA"]
[SourceTitle "EXT 2024"]
[Source "ChessBase"]
[SourceDate "2023.10.10"]
[SourceVersion "1"]
[SourceVersionDate "2023.10.10"]
[SourceQuality "1"]

1. e4 g6 2. d4 Bg7 3. Nc3 d6 4. f4 Nd7 5. Nf3 a6 6. Bc4 e6 7. a4 Ne7 8. 0-0 d5 9. Bb3 dxe4 10. Nxe4 0-0 11. Ne5 b6 12. Ng5 Nf6 13. c3 Qe8 14. Qf3 Ra7 15. Re1 Bb7 16. Qh3 Bd5 17. c4 Ba8 18. d5 exd5 19. Nexf7 Rxf7 20. cxd5 Bxd5 21. Bxd5 Nfxd5 22. Qxh7+ 1-0

[Event "Sao Carlos Paulista-ch op"]
[Site "Sao Carlos"]
[Date "2023.09.08"]
[Round "4"]
[White "Shibata, Antonio Emilio"]
[Black "Da Silva, Lucas Pereira Mende"]
[Result "0-1"]
[WhiteElo "1928"]
[BlackElo "1974"]
[PlyCount "102"]
[EventDate "2023.09.07"]
[EventType "swiss"]
[EventRounds "7"]
[EventCountry "BRA"]
[SourceTitle "EXT 2024"]
[Source "ChessBase"]
[SourceDate "2023.10.10"]
[SourceVersion "1"]
[SourceVersionDate "2023.10.10"]
[SourceQuality "1"]

1. Nc3 c5 2. Nf3 Nf6 3. e4 d6 4. d4 cxd4 5. Nxd4 a6 6. a4 e5 7. Nf3 Qc7 8. Be2 Be7 9. 0-0 0-0 10. Bg5 Nbd7 11. a5 b5 12. axb6 Nxb6 13. Bd3 h6 14. Bh4 g5 15. Bg3 Nc4 16. Nb5 Qc6 17. Bxc4 axb5 18. Bxb5 Qxe4 19. Qd2 Bb7 20. Rfe1 Rxa1 21. Rxa1 Rc8 22. c3 Nh5 23. Qe2 Qd5 24. Rd1 Nxg3 25. hxg3 Qc5 26. Ba6 Bxa6 27. Qxa6 Rb8 28. Rb1 e4 29. Nd4 Bf6 30. b4 Qb6 31. Qxb6 Rxb6 32. b5 Bxd4 33. cxd4 f5 34. Kf1 Kf7 35. Ke2 Ke6 36. Kd2 Kd5 37. Kc3 Rb8 38. Kb4 f4 39. gxf4 gxf4 40. Ka5 e3 41. fxe3 fxe3 42. Ka6 e2 43. b6 Kxd4 44. b7 Kd3 45. Ka7 Re8 46. b8Q Rxb8 47. Kxb8 Kc2 48. Ra1 d5 49. Ra2+ Kd1 50. Ra1+ Kd2 51. Ra2+ Ke3 0-1

[Event "Pindamonhangaba op 7th"]
[Site "Pindamonhangaba"]
[Date "2023.03.25"]
[Round "3"]
[White "Da Silva, Lucas Pereira Mende"]
[Black "Furtado, Ian"]
[Result "1-0"]
[WhiteElo "1897"]
[BlackElo "1576"]
[PlyCount "67"]
[EventDate "2023.03.24"]
[EventType "swiss"]
[EventRounds "5"]
[EventCountry "BRA"]
[SourceTitle "CBM 213 Extra"]
[Source "ChessBase"]
[SourceDate "2023.05.31"]
[SourceVersion "1"]
[SourceVersionDate "2023.05.31"]
[SourceQuality "1"]

1. d4 d5 2. c4 e6 3. Nc3 Nc6 4. Nf3 Bb4 5. e3 Nf6 6. a3 Bd6 7. b4 dxc4 8. Bxc4 0-0 9. 0-0 e5 10. d5 Ne7 11. e4 Bg4 12. Bg5 c6 13. h3 Bxf3 14. Qxf3 cxd5 15. Bxd5 Nexd5 16. Nxd5 Be7 17. Bxf6 Bxf6 18. Rac1 Rc8 19. Rxc8 Qxc8 20. Nxf6+ gxf6 21. Qxf6 Qc3 22. Rd1 Qxa3 23. Qg5+ Kh8 24. Qxe5+ Kg8 25. Qg5+ Kh8 26. Qf6+ Kg8 27. Rd5 Qc1+ 28. Kh2 Qc7+ 29. f4 Re8 30. Rg5+ Kf8 31. Qh8+ Ke7 32. Re5+ Kd7 33. Qxe8+ Kd6 34. Rd5# 1-0

[Event "Hebraica op 30th"]
[Site "Hebraica"]
[Date "2023.02.11"]
[Round "3"]
[White "Da Silva, Lucas Pereira Mende"]
[Black "Serafim Junior, Arnor"]
[Result "1-0"]
[WhiteElo "1893"]
[BlackElo "1698"]
[PlyCount "67"]
[EventDate "2023.02.10"]
[EventType "swiss"]
[EventRounds "7"]
[EventCountry "BRA"]
[SourceTitle "CBM 212 Extra"]
[Source "ChessBase"]
[SourceDate "2023.03.31"]
[SourceVersion "1"]
[SourceVersionDate "2023.03.31"]
[SourceQuality "1"]

1. e4 c5 2. Nf3 e6 3. d4 cxd4 4. Nxd4 Nc6 5. Be3 Nf6 6. Nc3 Qc7 7. Qf3 a6 8. 0-0-0 Be7 9. Be2 d6 10. Qg3 Nxd4 11. Bxd4 e5 12. Qxg7 Rg8 13. Nd5 Qxc2+ 14. Kxc2 Rxg7 15. Nc7+ Kd7 16. Nxa8 exd4 17. Nb6+ Kc7 18. Nxc8 Kxc8 19. Bf3 Ng4 20. Bxg4+ Rxg4 21. g3 Bf6 22. Kd3 Rg5 23. Rc1+ Kd7 24. Rc2 Rb5 25. Rhc1 Ke6 26. f4 h5 27. Rc8 Bg7 28. b3 f5 29. exf5+ Kxf5 30. R1c7 Bf6 31. Rf7 Ke6 32. Rcf8 Be7 33. f5+ Kd7 34. f6 1-0

[Event "Hebraica op 30th"]
[Site "Hebraica"]
[Date "2023.02.11"]
[Round "4"]
[White "Jiang, Lucas Zirui"]
[Black "Da Silva, Lucas Pereira Mende"]
[Result "0-1"]
[WhiteElo "1622"]
[BlackElo "1893"]
[PlyCount "62"]
[EventDate "2023.02.10"]
[EventType "swiss"]
[EventRounds "7"]
[EventCountry "BRA"]
[SourceTitle "CBM 212 Extra"]
[Source "ChessBase"]
[SourceDate "2023.03.31"]
[SourceVersion "1"]
[SourceVersionDate "2023.03.31"]
[SourceQuality "1"]

1. d4 Nf6 2. Nf3 g6 3. c4 Bg7 4. Nc3 0-0 5. h3 c5 6. d5 d6 7. Bf4 Bf5 8. e3 b5 9. cxb5 Ne4 10. Be2 Nxc3 11. bxc3 Bxc3+ 12. Kf1 Bc2 13. Qc1 Qa5 14. Ne1 Be4 15. Bh6 Rc8 16. a4 Bxd5 17. Nd3 Nd7 18. Nf4 Bb7 19. Ra3 Bf6 20. Bg4 Rc7 21. Bxd7 Rxd7 22. h4 Qb4 23. Rd3 Qxa4 24. Rh3 Qxb5 25. Kg1 c4 26. Rd4 Rc8 27. h5 e5 28. hxg6 fxg6 29. Nh5 gxh5 30. Rg3+ Kh8 31. Qc2 exd4 0-1

[Event "Taubate op 3rd"]
[Site "Taubate"]
[Date "2022.12.04"]
[Round "6"]
[White "Eto, Fabio Luis"]
[Black "Da Silva, Lucas Pereira Mende"]
[Result "0-1"]
[WhiteElo "1610"]
[BlackElo "1817"]
[PlyCount "70"]
[EventDate "2022.12.01"]
[EventType "swiss"]
[EventRounds "6"]
[EventCountry "BRA"]
[SourceTitle "CBM 211 Extra"]
[Source "ChessBase"]
[SourceDate "2023.01.31"]
[SourceVersion "1"]
[SourceVersionDate "2023.01.31"]
[SourceQuality "1"]

1. e4 c5 2. Nf3 d6 3. Bb5+ Bd7 4. c4 Nc6 5. 0-0 Nf6 6. Nc3 g6 7. Re1 Bg7 8. d3 0-0 9. h3 e5 10. a3 Nh5 11. Nd5 a6 12. Ba4 Rb8 13. Bc2 Ne7 14. Bg5 f6 15. Be3 Nxd5 16. cxd5 Qe8 17. b4 cxb4 18. axb4 f5 19. Bb6 Rc8 20. Bb3 fxe4 21. dxe4 Nf4 22. Be3 Qe7 23. Bxf4 Rxf4 24. Re3 Bh6 25. Ba4 Rc4 26. Bxd7 Qxd7 27. Qe1 Qb5 28. Rb1 Rf8 29. Ra3 Rfc8 30. Ra5 Qb6 31. Raa1 Rc2 32. Nh2 Bd2 33. Qd1 Bf4 34. Ng4 h5 35. g3 hxg4 0-1

[Event "Taubate op 3rd"]
[Site "Taubate"]
[Date "2022.12.03"]
[Round "4"]
[White "Miquelin, Nicolas Seoane"]
[Black "Da Silva, Lucas Pereira Mende"]
[Result "1-0"]
[WhiteElo "2069"]
[BlackElo "1817"]
[PlyCount "87"]
[EventDate "2022.12.01"]
[EventType "swiss"]
[EventRounds "6"]
[EventCountry "BRA"]
[SourceTitle "CBM 211 Extra"]
[Source "ChessBase"]
[SourceDate "2023.01.31"]
[SourceVersion "1"]
[SourceVersionDate "2023.01.31"]
[SourceQuality "1"]

1. e4 c5 2. Nf3 d6 3. d4 cxd4 4. Nxd4 Nf6 5. Nc3 a6 6. Be3 e5 7. Nb3 Be6 8. Qd2 Be7 9. 0-0-0 Nbd7 10. f4 Ng4 11. g3 Nxe3 12. Qxe3 Rc8 13. h4 Qc7 14. Rh2 Nf6 15. Rg2 Ng4 16. Qf3 Qb6 17. f5 Bxb3 18. Qxg4 Rxc3 19. bxc3 Bxa2 20. Qxg7 Rf8 21. f6 Bd8 22. Qxh7 Bxf6 23. Qf5 Ke7 24. Rf2 Bh8 25. Rf3 a5 26. c4 Qb1+ 27. Kd2 Qb4+ 28. c3 Qc5 29. Ra1 Bb3 30. Bh3 Qc7 31. Rxa5 Bxc4 32. Qg5+ f6 33. Qf5 Bg7 34. Ra4 Bf7 35. Qh7 Rg8 36. g4 Qb6 37. Ra1 Qc6 38. g5 fxg5 39. Rxf7+ Kxf7 40. Be6+ Kxe6 41. Qxg8+ Kf6 42. hxg5+ Kg6 43. Qe6+ Kxg5 44. Qf5+ 1-0

[Event "Florianopolis op 8th"]
[Site "Florianopolis"]
[Date "2022.01.29"]
[Round "8"]
[White "Martins, Anderson Donay"]
[Black "Da Silva, Lucas Pereira Mende"]
[Result "1-0"]
[WhiteElo "2072"]
[BlackElo "1821"]
[PlyCount "103"]
[EventDate "2022.01.24"]
[EventType "swiss"]
[EventRounds "10"]
[EventCountry "BRA"]
[SourceTitle "EXT 2023"]
[Source "ChessBase"]
[SourceDate "2022.10.05"]
[SourceVersion "1"]
[SourceVersionDate "2022.10.05"]
[SourceQuality "1"]

1. e4 c5 2. Nc3 Nc6 3. f4 e6 4. Nf3 d6 5. Bc4 Nf6 6. 0-0 d5 7. exd5 exd5 8. Bb5 Be7 9. d3 0-0 10. Bxc6 bxc6 11. Ne2 Bd6 12. Ng3 Qc7 13. Nh4 Bg4 14. Qe1 Rae8 15. Qf2 Nh5 16. Bd2 Nxg3 17. Qxg3 f5 18. h3 Bh5 19. Rae1 Qf7 20. Nf3 Bxf3 21. Qxf3 Qf6 22. Bc3 d4 23. Bd2 Bc7 24. Re2 Rxe2 25. Qxe2 Qf7 26. Re1 Qxa2 27. b3 Qxc2 28. Qe6+ Kh8 29. Qf7 Bd6 30. Re8 Qd1+ 31. Kh2 h6 32. Rxf8+ Bxf8 33. Qxf8+ Kh7 34. Qxf5+ Kg8 35. Ba5 Qxb3 36. Bc7 Qd5 37. Qxd5+ cxd5 38. Kg3 g6 39. Kf3 Kf7 40. Bd6 c4 41. dxc4 dxc4 42. Ke4 c3 43. Kxd4 Ke6 44. Ba3 c2 45. g4 h5 46. Kd3 hxg4 47. hxg4 Kd5 48. Kxc2 Ke4 49. Bc1 a5 50. Kb3 Kf3 51. f5 gxf5 52. gxf5 1-0

[Event "Sao Paulo Hebraica op 28th"]
[Site "Sao Paulo"]
[Date "2022.01.16"]
[Round "6"]
[White "Da Silva, Lucas Pereira Mende"]
[Black "Da Rosa, Henrique Jaze Simoe"]
[Result "1-0"]
[WhiteElo "1821"]
[BlackElo "1824"]
[PlyCount "101"]
[EventDate "2022.01.14"]
[EventType "swiss"]
[EventRounds "6"]
[EventCountry "BRA"]
[SourceTitle "CBM 206 Extra"]
[Source "ChessBase"]
[SourceDate "2022.03.31"]
[SourceVersion "1"]
[SourceVersionDate "2022.03.31"]
[SourceQuality "1"]

1. d4 d5 2. c4 c6 3. e3 Nf6 4. Nf3 Bf5 5. Nc3 e6 6. Bd2 h6 7. c5 Be7 8. Be2 0-0 9. 0-0 Nbd7 10. b4 a6 11. a4 Ne4 12. Nxe4 Bxe4 13. Bc3 f6 14. Nd2 Bg6 15. e4 dxe4 16. Qb3 Kh7 17. Qxe6 Re8 18. Qh3 f5 19. Nc4 Qc7 20. f3 Rf8 21. fxe4 fxe4 22. Bg4 Rad8 23. b5 cxb5 24. Ba5 b6 25. Nxb6 Bxc5 26. Nxd7 Bxd4+ 27. Kh1 Rxf1+ 28. Rxf1 Qxa5 29. Bf5 Bxf5 30. Qxf5+ Kh8 31. Nf8 Rxf8 32. Qxf8+ Kh7 33. Qf5+ g6 34. Qxe4 Bg7 35. axb5 Qxb5 36. Rb1 Qc5 37. Qb4 Qf5 38. Rc1 a5 39. Qc5 a4 40. Qxf5 gxf5 41. Rc5 a3 42. Ra5 Bb2 43. Ra6 Kg7 44. g3 Kf7 45. Kg2 Ke7 46. Kf3 Kd7 47. Ke2 Kc7 48. Kd3 Kb7 49. Ra4 Kb6 50. Kc4 h5 51. Kb3 1-0

[Event "Sao Paulo Hebraica op 28th"]
[Site "Sao Paulo"]
[Date "2022.01.15"]
[Round "3"]
[White "Avgoustopoulos, Christian"]
[Black "Da Silva, Lucas Pereira Mende"]
[Result "0-1"]
[WhiteElo "2001"]
[BlackElo "1821"]
[PlyCount "80"]
[EventDate "2022.01.14"]
[EventType "swiss"]
[EventRounds "6"]
[EventCountry "BRA"]
[SourceTitle "CBM 206 Extra"]
[Source "ChessBase"]
[SourceDate "2022.03.31"]
[SourceVersion "1"]
[SourceVersionDate "2022.03.31"]
[SourceQuality "1"]

1. e4 c5 2. Nf3 d6 3. d4 cxd4 4. Nxd4 Nf6 5. Nc3 a6 6. Be2 e5 7. Nb3 Be7 8. Be3 Be6 9. 0-0 0-0 10. f4 b5 11. a3 Bd7 12. Bf3 Bc6 13. Qe2 Nbd7 14. Rad1 Re8 15. f5 Rc8 16. g4 h6 17. Qg2 Nh7 18. Nd5 Bxd5 19. Rxd5 Nb6 20. Bxb6 Qxb6+ 21. Kh1 Rc6 22. Rd3 Rec8 23. Bd1 a5 24. Nd2 Qb7 25. Nf3 Rc4 26. Nd2 R4c7 27. Nb1 b4 28. Rb3 Bg5 29. axb4 axb4 30. c3 Nf6 31. Rxb4 Qa8 32. Na3 Rb7 33. Nb5 Qb8 34. Nxd6 Rxb4 35. Nxc8 Rxb2 36. Ne7+ Kf8 37. Qf3 Kxe7 38. c4 Qb4 39. Be2 Qb3 40. Qxb3 Rxb3 0-1

[Event "Sao Paulo Hebraica op 28th"]
[Site "Sao Paulo"]
[Date "2022.01.14"]
[Round "1"]
[White "Alves, Ricardo Castagnari"]
[Black "Da Silva, Lucas Pereira Mende"]
[Result "0-1"]
[WhiteElo "1805"]
[BlackElo "1821"]
[PlyCount "56"]
[EventDate "2022.01.14"]
[EventType "swiss"]
[EventRounds "6"]
[EventCountry "BRA"]
[SourceTitle "CBM 206 Extra"]
[Source "ChessBase"]
[SourceDate "2022.03.31"]
[SourceVersion "1"]
[SourceVersionDate "2022.03.31"]
[SourceQuality "1"]

1. e4 e5 2. Nf3 Nc6 3. Bc4 Nf6 4. Ng5 d5 5. exd5 Na5 6. Bb5+ c6 7. dxc6 bxc6 8. Ba4 h6 9. Nf3 e4 10. Qe2 Be7 11. Ne5 Qd5 12. f4 exf3 13. Nxf3 0-0 14. Nc3 Qh5 15. 0-0 Re8 16. Kh1 Bd6 17. Qd3 Bg3 18. Kg1 Bf5 19. Qa6 Bc8 20. Qd3 Bc7 21. b4 Bg4 22. bxa5 Rad8 23. Qc4 Bxf3 24. Rxf3 Qxh2+ 25. Kf2 Qh5 26. Ne2 Ng4+ 27. Ke1 Qh1+ 28. Rf1 Bg3+ 0-1

[Event "Sao Paulo Hebraica op 28th"]
[Site "Sao Paulo"]
[Date "2022.01.14"]
[Round "2"]
[White "Da Silva, Lucas Pereira Mende"]
[Black "Candido, Eduardo Gregorio"]
[Result "1-0"]
[WhiteElo "1821"]
[BlackElo "1800"]
[PlyCount "135"]
[EventDate "2022.01.14"]
[EventType "swiss"]
[EventRounds "6"]
[EventCountry "BRA"]
[SourceTitle "CBM 206 Extra"]
[Source "ChessBase"]
[SourceDate "2022.03.31"]
[SourceVersion "1"]
[SourceVersionDate "2022.03.31"]
[SourceQuality "1"]

1. d4 e6 2. c4 Nf6 3. Nc3 Bb4 4. e3 b6 5. Nf3 Ne4 6. Qc2 Bb7 7. Bd3 f5 8. a3 Bxc3+ 9. bxc3 0-0 10. 0-0 d6 11. Ne1 Nf6 12. f3 Nbd7 13. e4 fxe4 14. fxe4 e5 15. Nf3 Qe8 16. Re1 c5 17. d5 Qh5 18. Be2 Qg6 19. Bf1 Rfd8 20. Nh4 Qf7 21. g3 Nf8 22. Nf5 Bc8 23. Bh3 Bxf5 24. Bxf5 Qe8 25. Rf1 b5 26. cxb5 Qxb5 27. c4 Qe8 28. Bg5 Qh5 29. Bxf6 gxf6 30. Rab1 Rdb8 31. Rb2 Qg5 32. Qf2 Qg7 33. Rfb1 Qc7 34. Qe2 Rxb2 35. Qxb2 Nd7 36. Qe2 Nb6 37. Rf1 Rf8 38. h4 Qg7 39. Kh2 Kh8 40. Rg1 Qh6 41. Kh3 Rg8 42. Rb1 Qg7 43. Rb3 Qh6 44. Qc2 Qg7 45. Be6 Rd8 46. Rf3 Rf8 47. a4 Nc8 48. Rb3 Qc7 49. Qc3 Ne7 50. Qb2 Qa5 51. Rb7 Ng6 52. h5 Qe1 53. hxg6 hxg6 54. Qg2 Qc1 55. Kh2 Qh6+ 56. Qh3 Qxh3+ 57. Kxh3 f5 58. exf5 gxf5 59. Kh4 f4 60. gxf4 Rxf4+ 61. Kg5 Rf1 62. Bf5 a5 63. Kf6 Rg1 64. Rb8+ Rg8 65. Rb1 Rg3 66. Rh1+ Kg8 67. Be6+ Kf8 68. Rh8+ 1-0